Fundamentals of geology : a text in physical geology /
Guardado en:
| Autor Principal: | |
|---|---|
| Otros Autores: | |
| Formato: | Libro |
| Idioma: | English |
| Publicado: |
New York :
Harper & Row,
1966.
|
| Etiquetas: |
Agregar Etiqueta
Sin Etiquetas, Sea el primero en etiquetar este registro!
|
| LEADER | 00524nam a22001455a 4500 | ||
|---|---|---|---|
| 001 | EUN.um020105 | ||
| 008 | 041125s1966####xxua##########000#0#eng#d | ||
| 005 | 20200727151841.0 | ||
| 245 | 1 | 0 | |a Fundamentals of geology : |b a text in physical geology / |c John J. W. Rogers, John A. S. Adams. |
| 260 | |a New York : |b Harper & Row, |c 1966. | ||
| 300 | |a 424 p. : |b ilus. ; |c 23,5 cm. | ||
| 100 | 1 | |a Rogers, John J. | |
| 700 | 1 | |a Adams, John A. S. |q (John Allan Stewart), |d 1926- | |
| 082 | 0 | 4 | |a 551 |
| 859 | |a Ar-BaUNS |b BIB. CENTRAL - Sector C |h 551 |i R631 |p 54303/969 | ||
